326 Selected Essays & Writings for all purposes, topics & levels : Useful for interviews, Public speakings, Discussions, College- University exams, IELTS, Toefl, SAT, Proficiency = Tuyển tập 326 bài luận mới sơ cấp- trung cấp & nâng cao

Cuốn sách này sẽ cung cấp cho bạn các bài luận tiếng Anh từ dễ đến khó về hầu hết các đề tài đã được tuyển chọn gần gũi với cuộc sống hàng ngày.

Đã lưu trong:
Sonraí Bibleagrafaíochta
Príomhúdar: Srinivasan, S.
Formáid: Leabhar
Teanga:Undetermined
Foilsithe: Thành phố Hồ Chí Minh Trẻ 2014
Ábhair:
Clibeanna: Cuir Clib Leis
Gan Chlibeanna, Bí ar an gcéad duine leis an taifead seo a chlibeáil!
Thư viện lưu trữ: Trung tâm Học liệu Trường Đại học Cần Thơ
LEADER 01089nam a2200229Ia 4500
001 CTU_193526
008 210402s9999 xx 000 0 und d
020 |c 68000 
082 |a 808.042 
082 |b S775 
100 |a Srinivasan, S. 
245 0 |a 326 Selected Essays & Writings for all purposes, topics & levels : 
245 0 |b Useful for interviews, Public speakings, Discussions, College- University exams, IELTS, Toefl, SAT, Proficiency = Tuyển tập 326 bài luận mới sơ cấp- trung cấp & nâng cao 
245 0 |c S. Srinivasan 
260 |a Thành phố Hồ Chí Minh 
260 |b Trẻ 
260 |c 2014 
520 |a Cuốn sách này sẽ cung cấp cho bạn các bài luận tiếng Anh từ dễ đến khó về hầu hết các đề tài đã được tuyển chọn gần gũi với cuộc sống hàng ngày. 
650 |a Tiếng Anh,English language 
650 |x Dạy và học,Study and teaching 
910 |a Hải 
980 |a Trung tâm Học liệu Trường Đại học Cần Thơ